Latin Declension - femina, servus, bellum - Statistics

General Stats
  • This quiz has been taken 165 times
  • The average score is 23 of 33
Answer Stats
Decl. Gender Case Number Answer Ending % Correct
1st fem. Nominative pl. feminae -ae
94%
2nd masc. Nominative pl. servī
86%
1st fem. Genitive sg. feminae -ae
83%
2nd neuter Nominative pl. bella -a
78%
2nd masc. Genitive sg. servī
78%
2nd masc. Accusative sg. servum -um
76%
2nd neuter Genitive sg. bellī
75%
1st fem. Vocative sg. femina -a
75%
1st fem. Dative sg. feminae -ae
75%
1st fem. Accusative sg. feminam -am
75%
1st fem. Genitive pl. feminārum -ārum
75%
1st fem. Ablative sg. feminā
73%
2nd masc. Dative sg. servō
73%
2nd masc. Genitive pl. servōrum -ōrum
73%
2nd neuter Accusative sg. bellum -um
72%
1st fem. Accusative pl. feminas -as
71%
2nd masc. Dative pl. servīs -īs
70%
2nd masc. Ablative sg. servō
70%
1st fem. Vocative pl. feminae -ae
69%
2nd neuter Vocative sg. bellum -um
68%
2nd masc. Accusative pl. servōs -ōs
68%
2nd neuter Accusative pl. bella -a
67%
2nd neuter Dative sg. bellō
67%
2nd neuter Genitive pl. bellōrum -ōrum
67%
1st fem. Dative pl. feminīs īs
66%
2nd masc. Vocative pl. servī
66%
2nd neuter Ablative sg. bellō
65%
2nd masc. Ablative pl. servīs -īs
64%
2nd neuter Vocative pl. bella -a
63%
2nd neuter Dative pl. bellīs -īs
63%
2nd neuter Ablative pl. bellīs -īs
63%
1st fem. Ablative pl. feminīs -īs
63%
2nd masc. Vocative sg. serve -e
63%
No matching quizzes found
Score Distribution
Percent of People with Each Score
Percentile by Number Answered
Your Score History
You have not taken this quiz